Artificial Intelligence and Law/ (Record no. 199973)

MARC details
000 -LEADER
fixed length control field 00843nam a22002057a 4500
005 - DATE AND TIME OF LATEST TRANSACTION
control field 20240321120759.0
010 ## - LCCN (DPL NO)
LC control number B-756173-178 ENG-139874
020 ## - INTERNATIONAL STANDARD BOOK NUMBER
Terms of availability 785.00
International Standard Book Number 9789390818570
035 ## - SYSTEM CONTROL NUMBER
System control number B-756173-178
035 ## - SYSTEM CONTROL NUMBER
System control number EN-123406
037 ## - SOURCE OF ACQUISITION
Source of stock number/acquisition Bharti Publication
082 ## - DEWEY DECIMAL CLASSIFICATION NUMBER
Classification number 006.3
245 ## - TITLE STATEMENT
Title Artificial Intelligence and Law/
Statement of responsibility, etc Edited by- Vijender Kumar
260 ## - PUBLICATION, DISTRIBUTION, ETC. (IMPRINT)
Place of publication, distribution, etc New Delhi
Name of publisher, distributor, etc Bharti Publication
Date of publication, distribution, etc 2023
270 ## - ADDRESS
City New Delhi
Address 4819/24, 2nd Floor, Mathur Lane, Ansari Road Darya Ganj,
Postal code 110002
300 ## - PHYSICAL DESCRIPTION
Extent 220p.
Dimensions 22cm(HB)
700 ## - ADDED ENTRY--PERSONAL NAME
Personal name Vijender Kumar
9 (RLIN) 60659
942 ## - ADDED ENTRY ELEMENTS (KOHA)
Source of classification or shelving scheme Dewey Decimal Classification
Item type English Books
Classification part 006.3
Call number suffix ART
Holdings
Withdrawn status Lost status Not for loan Collection code Home library Current library Date acquired Source of acquisition Cost, normal purchase price Full call number Barcode Copy number Cost, replacement price Koha item type
      Non-fiction Ashok Vihar Ashok Vihar 05/01/2024 Bharti Publication/1619/1.12.23/27/23.11.23/1.12.23 785.00 006.3 ART B-756174 1 785.00 English Books
      Non-fiction Bawana Bawana 21/03/2024 DBAD 785.00 006.3 ART EN-123406 1 785.00 English Books
      Non-fiction Central Library Central Library 05/01/2024 Bharti Publication/1619/1.12.23/27/23.11.23/1.12.23 785.00 006.3 ART B-756173 1 785.00 English Books
      Non-fiction Diz Area Diz Area 05/01/2024 Bharti Publication/1619/1.12.23/27/23.11.23/1.12.23 785.00 006.3 ART B-756177 1 785.00 English Books
      Non-fiction Kasturba Gandhi Marg Kasturba Gandhi Marg 05/01/2024 Bharti Publication/1619/1.12.23/27/23.11.23/1.12.23 785.00 006.3 ART B-756176 1 785.00 English Books
      Non-fiction Patel Nagar Patel Nagar 05/01/2024 Bharti Publication/1619/1.12.23/27/23.11.23/1.12.23 785.00 006.3 ART B-756175 1 785.00 English Books
      Non-fiction Shahdara Branch Shahdara Branch 05/01/2024 Bharti Publication/1619/1.12.23/27/23.11.23/1.12.23 785.00 006.3 ART B-756178 1 785.00 English Books

© Delhi Public Library
Hit Counter
free hit counter